04044nab a2200313 4500003000900000005001700009008004100026040001800067072002600085100003100111100003500142100003600177100003500213100004000248100002900288245008800317500005100405520134900456520152901805650001903334650001103353650002203364650001603386650002603402650002103428650001503449773018803464856007803652BR-BrBNA20250910230940.0250910b2024 bl.ar|pooa||| 00| 0 eng | aBR-BrBNAbpor aF01 ; F06 ; P10b1440 aSouza, Carolayne Silva de  aSilva, Gerônimo Ferreira da  aSilva, João Vitor Barbosa da  aSilva, Manassés Mesquita da  aSilva, Ênio Farias de França e  aRolim, Mário Monteiro  aProduction of green cowpea beans fertigated by continuous and pulse drip irrigation aSummaries (En, Pt); 22 ref.; 4 illus.; 1 table aAbstract – The objective of this work was to evaluate the production of green cowpea beans under conventional fertilization, different fertigation depths, and replacement of crop evapotranspiration (ETc) through continuous and pulse drip irrigation. The experimental design was a randomized complete block with 12 treatments distributed in a 5x2+2 factorial arrangement, with five ETc replacement irrigation depths (40, 60, 80, 100, and 120%), combined with two types of fertigation application (pulse and continuous) plus two additional treatments with pulse (control 1) and continuous (control 2) irrigation at 100% of ETc under conventional fertilization. The analyzed variables were: number of pods, number of grains, fresh and dry mass of pods and grains, and total shoot fresh and dry mass. Cowpea showed a better productive performance at the fertigation depths between 80 and 100% of ETc. Moreover, pulse fertigation promotes higher yields for all production variables analyzed. Regardless of the type of application (pulse or continuous), the productive variables show better results at the fertigation depths estimated for maximum physical efficiency than in the treatments with conventional fertilization and irrigation with a depth of 100% of ETc. Index terms: Vigna unguiculata, evapotranspiration, grain yield, water management. aResumo – O objetivo deste trabalho foi avaliar a produção de grãos verdes de feijão-caupi sob adubação convencional, diferentes lâminas de fertirrigação e reposição da evapotranspiração da cultura (ETc) por gotejamento contínuo e pulsado. O delineamento experimental foi em blocos ao acaso, com 12 tratamentos distribuídos em arranjo fatorial 5x2+2, com cinco lâminas de reposição da ETc (40, 60, 80, 100 e 120%), combinadas com dois tipos de aplicação de fertirrigação (pulsada e contínua) mais dois tratamentos adicionais com irrigação pulsada (testemunha 1) e contínua (testemunha 2), com lâmina de 100% da ETc sob adubação convencional. As variáveis analisadas foram: número de vagens, número de grãos, massa fresca e seca das vagens e dos grãos, e massa fresca e seca total da parte aérea. O feijão-caupi apresentou melhor desempenho produtivo nas lâminas de fertirrigação entre 80 e 100% da ETc. Além disso, a fertirrigação pulsada promove maiores rendimentos para todas as variáveis de produção analisadas. Independentemente do tipo de aplicação (pulsado ou contínuo), as variáveis produtivas apresentam os melhores resultados nas lâminas de fertirrigação estimadas para máxima eficiência física do que nos tratamentos com adubação convencional e irrigação com a lâmina de 100% da ETc. Termos para indexação: Vigna unguiculata, evapotranspiração, rendimento de grãos, manejo da água. aFEIJÃO CAUPI aGRÃO aFERTIRRIGAÇÃO aGOTEJAMENTO aEVAPOTRANSPIRAÇÃO aMANEJO DE ÁGUA aRENDIMENTO0 0920dBrasília-DF Empresa Brasileira de Pesquisa Agropecuária - EMBRAPA 1966-o2025-5543tPesquisa Agropecuária Brasileira (Brazil)x0100-204Xgv. 59 p. 1-9; (2024)wBR2025002394 uhttps://www.scielo.br/j/pab/a/kss9xwc3SgWkTBNZykr3Dbn/?format=pdf&lang=en